Vzdelávanie v IT a jeho nové formy
Príspevok si kladie za cieľ ukázať nové možnosti vzdelávania prostredníctvom interaktívneho výučbového softvéru, za účelom lepšieho pochopenia učiva a jeho implementácie do všetkých foriem vzdelávacieho procesu.
Salvato in:
| Autore principale: | |
|---|---|
| Natura: | Capitolo di libro |
| Lingua: | slovacco |
| Soggetti: | |
| Tags: |
Nessun Tag, puoi essere il primo ad aggiungerne!!
|
MARC
| LEADER | 00000nla$a2200000$$$4500 | ||
|---|---|---|---|
| 001 | 0089612 | ||
| 005 | 20240502072011.8 | ||
| 041 | 0 | |a slo | |
| 044 | |a SK | ||
| 245 | 1 | 0 | |a Vzdelávanie v IT a jeho nové formy |c Vladislav Mlynčár |
| 520 | |a Príspevok si kladie za cieľ ukázať nové možnosti vzdelávania prostredníctvom interaktívneho výučbového softvéru, za účelom lepšieho pochopenia učiva a jeho implementácie do všetkých foriem vzdelávacieho procesu. | ||
| 610 | 2 | 0 | |a vzdelávanie elektronické |
| 610 | 2 | 0 | |a technológie informačné |
| 610 | 2 | 0 | |a vyučovanie |
| 610 | 2 | 0 | |a softvér |
| 100 | 1 | |a Mlynčár, Vladislav, 1962- | |